000 01470nam0a22002771i 4500
001 rc\3241118
005 20240726052626.0
021 _aRU
_b[74-5168а]
035 _a(NLR Aleph) 007475731
090 _a7462629
_c7462629
100 _a20130115d1974 |||y0rusy50 ca
101 0 _arus
102 _aRU
105 _ay d |||||
200 1 _aРезультаты лечения пульпита молочных зубов оксикорт-амидопириновой пастой и препаратами кальция
_e(Клинико-эксперим. исследование)
_eАвтореф. дис. на соиск. учен. степени канд. мед. наук
_e(14.00.21)
_fКубан. гос. мед. ин-т им. Красной Армии
210 _aКраснодар
_d1974
215 _a20 с.
606 _aКальций и его производные
_xПрименение
_xВ стоматологии и одонтологии
_2psbo
606 _aАмидопирин
_xПрименение
_xВ стоматологии и одонтологии
_2psbo
606 _aОксикорт
_xПрименение
_xВ стоматологии и одонтологии
_2psbo
606 _aПульпит
_xЛечение
_xЛекарственное лечение
_2psbo
700 1 _aХатков
_bА.П.
_gАслан Патерезович
801 0 _aRU
_bNLR
_gpsbo
801 1 _aRU
_bELAR
_2rusmarc
852 _aNLR
_j74-4/4105
942 _cBOOK